PROVINCES OF THE PHILIPPINES LETTER A - Statistics

General Stats
  • This quiz has been taken 466 times
  • The average score is 5 of 8
Answer Stats
Hint Answer % Correct
ABRA
80%
AKLAN
76%
ANTIQUE
74%
ALBAY
70%
APAYAO
67%
AGUSAN DEL NORTE
61%
AGUSAN DEL SUR
61%
AURORA
61%
No matching quizzes found
Score Distribution
Percent of People with Each Score
Percentile by Number Answered
Your Score History
You have not taken this quiz